[Event "Nova Gorica op 28th"]
[Site "Nova Gorica"]
[Date "2024.01.31"]
[Round "7"]
[White "Gratton, Damjan"]
[Black "Cokan, Mirko"]
[Result "0-1"]
[WhiteElo "1691"]
[BlackElo "1614"]
[PlyCount "84"]
[EventDate "2024.01.26"]
[EventType "swiss"]
[EventRounds "9"]
[EventCountry "SLO"]
[SourceTitle "CB06_2024"]
[SourceDate "2024.02.07"]
[SourceVersion "1"]
[SourceVersionDate "2024.02.07"]
[SourceQuality "1"]

1. e4 e5 2. Nf3 Nc6 3. Bb5 f5 4. d3 fxe4 5. dxe4 Nf6 6. Nbd2 Bc5 7. c3 0-0 8. 0-0 d6 9. h3 Qe7 10. Re1 Nd8 11. Nf1 c6 12. Ba4 b5 13. Bc2 Kh8 14. Bg5 Ne6 15. Bh4 Bb7 16. b4 Bb6 17. Ne3 Bxe3 18. Rxe3 Rad8 19. Qf1 Nf4 20. a4 a6 21. axb5 cxb5 22. Nd2 Ng6 23. Nf3 h6 24. c4 bxc4 25. Qxc4 Bc8 26. Bb3 Nf4 27. Qf1 Qe8 28. Rc1 Ng6 29. Bg3 Nh5 30. Bh2 Nhf4 31. Bc4 Rf6 32. Bxa6 Bxa6 33. Qxa6 d5 34. Qf1 d4 35. Rb3 d3 36. Rd1 Qe6 37. Rb2 Rdf8 38. Ne1 Ne2+ 39. Rxe2 dxe2 40. Qxe2 Rxf2 41. Qd3 Rf1+ 42. Qxf1 Qb6+ 0-1

[Event "Nova Gorica op 25th"]
[Site "Nova Gorica"]
[Date "2020.01.29"]
[Round "8"]
[White "Kvendseth, Thyra"]
[Black "Gratton, Damjan"]
[Result "1-0"]
[WhiteElo "1858"]
[BlackElo "1702"]
[PlyCount "63"]
[EventDate "2020.01.24"]
[EventType "swiss"]
[EventRounds "9"]
[EventCountry "SLO"]
[SourceTitle "CBM 194"]
[Source "ChessBase"]
[SourceDate "2020.01.27"]
[SourceVersion "1"]
[SourceVersionDate "2020.01.27"]
[SourceQuality "1"]

1. d4 Nf6 2. Nf3 g6 3. g3 Bg7 4. Bg2 0-0 5. 0-0 d6 6. c4 c6 7. Nc3 a5 8. e4 e5 9. dxe5 dxe5 10. Nxe5 Nxe4 11. Nxc6 Qxd1 12. Ne7+ Kh8 13. Nxd1 f5 14. Re1 Bd7 15. Nd5 Nc5 16. Be3 Nba6 17. N1c3 Bc6 18. Rad1 a4 19. Bd4 Bxd4 20. Rxd4 Rae8 21. Ne7 Bxg2 22. Kxg2 Nb4 23. Re2 Nbd3 24. a3 Nc1 25. Re3 N1b3 26. Rd5 Kg7 27. Rde5 Ra8 28. Nb5 f4 29. gxf4 Rxf4 30. Nd5 Rg4+ 31. Kh3 Rxc4 32. Nb6 1-0

[Event "Nova Gorica op 25th"]
[Site "Nova Gorica"]
[Date "2020.01.27"]
[Round "6"]
[White "Sepehrkhoui, Ardeshir"]
[Black "Gratton, Damjan"]
[Result "1-0"]
[WhiteElo "2257"]
[BlackElo "1702"]
[PlyCount "55"]
[EventDate "2020.01.24"]
[EventType "swiss"]
[EventRounds "9"]
[EventCountry "SLO"]
[SourceTitle "CBM 194"]
[Source "ChessBase"]
[SourceDate "2020.01.27"]
[SourceVersion "1"]
[SourceVersionDate "2020.01.27"]
[SourceQuality "1"]

1. Nf3 Nf6 2. g3 g6 3. Bg2 Bg7 4. 0-0 0-0 5. c4 c5 6. d4 cxd4 7. Nxd4 Nc6 8. Nc3 a6 9. c5 e5 10. Nb3 Qc7 11. Bg5 h6 12. Bxf6 Bxf6 13. Nd5 Qd8 14. Nxf6+ Qxf6 15. Qd2 Kh7 16. Rac1 a5 17. a4 Re8 18. Rc4 Qd8 19. Rd1 f5 20. e4 Qf6 21. exf5 Qxf5 22. Rh4 Qf8 23. Qg5 Ra6 24. Bf1 Ra8 25. Qe3 Nd8 26. Bc4 Nc6 27. Rd6 Ne7 28. Rf6 1-0

[Event "Nova Gorica op 24th"]
[Site "Nova Gorica"]
[Date "2019.01.30"]
[Round "8"]
[White "Cokan, Mirko"]
[Black "Gratton, Damjan"]
[Result "0-1"]
[WhiteElo "1726"]
[BlackElo "1684"]
[PlyCount "122"]
[EventDate "2019.01.25"]
[EventType "swiss"]
[EventRounds "9"]
[EventCountry "SLO"]
[SourceTitle "CBM 188 Extra"]
[Source "ChessBase"]
[SourceDate "2019.02.26"]
[SourceVersion "1"]
[SourceVersionDate "2019.02.26"]
[SourceQuality "1"]

1. d4 Nf6 2. Nc3 g6 3. e4 d6 4. Bd3 Bg7 5. h3 0-0 6. Nf3 c6 7. Be3 Nbd7 8. Qd2 Re8 9. 0-0 Qc7 10. Ne2 a6 11. Rac1 e5 12. Ng3 b6 13. c3 Nf8 14. Rfe1 Be6 15. Bb1 Red8 16. Qe2 Ne8 17. Ng5 Bd7 18. a3 Ne6 19. Red1 Nxg5 20. Bxg5 Nf6 21. Qe3 Rdb8 22. Ne2 c5 23. Bc2 Qb7 24. d5 a5 25. c4 a4 26. Ng3 b5 27. cxb5 Bxb5 28. Rd2 Bd7 29. Bd1 Qa7 30. Kh2 Rb6 31. Qf3 Ne8 32. Be3 Rab8 33. Rcc2 R8b7 34. h4 Qb8 35. h5 Rxb2 36. hxg6 fxg6 37. Nh5 Rxc2 38. Rxc2 gxh5 39. Qxh5 Nf6 40. Qh4 Qf8 41. f3 Rb1 42. Be2 Rb3 43. Bc1 Be8 44. Bf1 Nh5 45. Be2 Nf4 46. Bxf4 Qxf4+ 47. Qxf4 exf4 48. Ra2 Rb2 49. Rxb2 Bxb2 50. Bc4 Kg7 51. g3 fxg3+ 52. Kxg3 Bxa3 53. Kg4 h5+ 54. Kh4 Bb2 55. Ba2 Be5 56. Bc4 Bf6+ 57. Kg3 h4+ 58. Kh2 Bg5 59. Kg2 Bd7 60. Kh2 Bf4+ 61. Kg2 Kf6 0-1

[Event "Nova Gorica op 24th"]
[Site "Nova Gorica"]
[Date "2019.01.27"]
[Round "4"]
[White "Milicevic, Zoran1111"]
[Black "Gratton, Damjan"]
[Result "1/2-1/2"]
[WhiteElo "1592"]
[BlackElo "1684"]
[PlyCount "72"]
[EventDate "2019.01.25"]
[EventType "swiss"]
[EventRounds "9"]
[EventCountry "SLO"]
[SourceTitle "CBM 188 Extra"]
[Source "ChessBase"]
[SourceDate "2019.02.26"]
[SourceVersion "1"]
[SourceVersionDate "2019.02.26"]
[SourceQuality "1"]

1. d4 Nf6 2. Nf3 g6 3. g3 Bg7 4. Bg2 0-0 5. 0-0 d6 6. c3 c6 7. Bg5 Qa5 8. Bxf6 Bxf6 9. Nbd2 Nd7 10. e4 e5 11. Qb3 exd4 12. cxd4 Bxd4 13. Nc4 Qc5 14. Nxd4 Qxd4 15. Rad1 Qg7 16. Nxd6 Nc5 17. Qc2 Ne6 18. Nxc8 Raxc8 19. Bh3 Qf6 20. Rd6 Rc7 21. Bxe6 fxe6 22. Rfd1 g5 23. R1d2 Rcf7 24. Rd7 h5 25. Rxf7 Rxf7 26. Qd3 Qe5 27. Qd4 Qxd4 28. Rxd4 Kg7 29. Rd6 Kf6 30. f3 Ke5 31. Rd3 g4 32. Kf2 gxf3 33. Rxf3 Rd7 34. Ke2 Kxe4 35. Rf6 Rd5 36. Rxe6+ Kf5 1/2-1/2

[Event "Nova Gorica op 23rd"]
[Site "Nova Gorica"]
[Date "2018.01.29"]
[Round "6"]
[White "Gratton, Damjan"]
[Black "Juretic, Lejla"]
[Result "1-0"]
[WhiteElo "1656"]
[BlackElo "1920"]
[PlyCount "145"]
[EventDate "2018.01.26"]
[EventType "swiss"]
[EventRounds "9"]
[EventCountry "SLO"]
[SourceTitle "CBM 182 Extra"]
[Source "ChessBase"]
[SourceDate "2018.02.23"]
[SourceVersion "1"]
[SourceVersionDate "2018.02.23"]
[SourceQuality "1"]

1. e4 c5 2. c3 d5 3. exd5 Qxd5 4. Nf3 Nf6 5. d4 e6 6. Na3 cxd4 7. Nb5 Qd8 8. Nbxd4 Be7 9. Bc4 0-0 10. 0-0 a6 11. h3 Qc7 12. Bb3 e5 13. Ne2 Bf5 14. Ng3 Bg6 15. Nh4 Rd8 16. Bd2 Bd3 17. Re1 Nc6 18. Nhf5 Bc5 19. Qc1 Qd7 20. Be3 Bxe3 21. Nxe3 Rac8 22. a3 Nd4 23. Bd1 Qb5 24. a4 Qd7 25. Ng4 Nxg4 26. hxg4 f6 27. g5 Qc6 28. gxf6 Qxf6 29. Nh5 Qf5 30. Ng3 Qe6 31. Qe3 Nc6 32. Bf3 Bg6 33. Bxc6 Rxc6 34. Qxe5 Qxe5 35. Rxe5 Rd2 36. Re2 Rcd6 37. Rae1 Rxe2 38. Rxe2 Rd1+ 39. Kh2 Rb1 40. f3 Kf8 41. b4 Rc1 42. Re3 Be8 43. a5 Bc6 44. Nf5 Rd1 45. Nd4 Bd5 46. g4 Kf7 47. Kg3 Kf6 48. g5+ Kf7 49. Kf4 Rg1 50. Re5 Ba2 51. Rc5 Kg6 52. Ne2 Re1 53. Ng3 Re6 54. Ne4 Bb3 55. Rc7 Bd5 56. c4 Bc6 57. Nc5 Re8 58. Nxb7 Rf8+ 59. Kg3 Rxf3+ 60. Kg4 Bxb7 61. Rxb7 Rc3 62. Rb6+ Kf7 63. c5 g6 64. Kf4 Rc1 65. Ke5 Rg1 66. Rb7+ Ke8 67. Kd6 Rxg5 68. c6 Rg1 69. Rxh7 Rd1+ 70. Kc5 Kd8 71. Kb6 Rc1 72. c7+ Ke8 73. Kb7 1-0

[Event "Nova Gorica op 23rd"]
[Site "Nova Gorica"]
[Date "2018.01.26"]
[Round "1"]
[White "Hercog, Nusa"]
[Black "Gratton, Damjan"]
[Result "1-0"]
[WhiteElo "1909"]
[BlackElo "1656"]
[PlyCount "52"]
[EventDate "2018.01.26"]
[EventType "swiss"]
[EventRounds "9"]
[EventCountry "SLO"]
[SourceTitle "CBM 182 Extra"]
[Source "ChessBase"]
[SourceDate "2018.02.23"]
[SourceVersion "1"]
[SourceVersionDate "2018.02.23"]
[SourceQuality "1"]

1. d4 Nf6 2. c4 g6 3. f3 Bg7 4. e4 d6 5. Nc3 0-0 6. Be3 Nc6 7. Qd2 e5 8. d5 Ne7 9. Nge2 c6 10. g4 Qc7 11. Ng3 Bd7 12. h4 cxd5 13. cxd5 Rfc8 14. h5 Qa5 15. hxg6 fxg6 16. a3 a6 17. b4 Qc7 18. Rc1 Qd8 19. g5 Nh5 20. Nxh5 gxh5 21. Rxh5 Qe8 22. Rh1 Qf7 23. Qg2 Ng6 24. Kd2 Nf4 25. Qh2 Rc7 26. Qxh7+ Kf8 1-0

[Event "Nova Gorica op 22nd"]
[Site "Nova Gorica"]
[Date "2017.02.01"]
[Round "8"]
[White "Gratton, Damjan"]
[Black "Marn, Jan"]
[Result "0-1"]
[WhiteElo "1678"]
[BlackElo "2022"]
[PlyCount "64"]
[EventDate "2017.01.27"]
[EventType "swiss"]
[EventRounds "9"]
[EventCountry "SLO"]
[SourceTitle "CBM 176 Extra"]
[Source "ChessBase"]
[SourceDate "2017.03.02"]
[SourceVersion "1"]
[SourceVersionDate "2017.03.02"]
[SourceQuality "1"]

1. e4 e5 2. Nf3 Nc6 3. Bb5 a6 4. Ba4 Nf6 5. 0-0 Be7 6. Re1 b5 7. Bb3 d6 8. c3 0-0 9. h3 Na5 10. Bc2 c5 11. d4 Qc7 12. Nbd2 cxd4 13. cxd4 Nc6 14. Nf1 a5 15. Be3 Nb4 16. Bb1 Bd7 17. a3 Na6 18. Ng3 Rfc8 19. Bd3 Qb8 20. Qd2 h6 21. Rac1 Rxc1 22. Rxc1 b4 23. Qe2 exd4 24. Nxd4 Nc5 25. Bb1 Bf8 26. Bf4 Qb7 27. Qf3 Re8 28. Re1 bxa3 29. bxa3 Nfxe4 30. Bxe4 d5 31. Bh7+ Kxh7 32. Rxe8 Bxe8 0-1

[Event "Nova Gorica op 22nd"]
[Site "Nova Gorica"]
[Date "2017.01.29"]
[Round "5"]
[White "Gratton, Damjan"]
[Black "Zlatanovic, Srdjan"]
[Result "0-1"]
[WhiteElo "1678"]
[BlackElo "1557"]
[PlyCount "58"]
[EventDate "2017.01.27"]
[EventType "swiss"]
[EventRounds "9"]
[EventCountry "SLO"]
[SourceTitle "CBM 176 Extra"]
[Source "ChessBase"]
[SourceDate "2017.03.02"]
[SourceVersion "1"]
[SourceVersionDate "2017.03.02"]
[SourceQuality "1"]

1. e4 c5 2. c3 g6 3. Nf3 Bg7 4. d4 cxd4 5. cxd4 Nf6 6. Nc3 0-0 7. Bd3 d6 8. 0-0 Bg4 9. Be3 Nc6 10. Rc1 Nd7 11. Be2 a6 12. h3 Bxf3 13. Bxf3 Nb6 14. b3 Rc8 15. Qd2 Re8 16. Rfe1 Rb8 17. Ne2 d5 18. e5 e6 19. Bg5 Qd7 20. Bf6 h6 21. Ng3 Kh7 22. h4 Bxf6 23. exf6 Qd8 24. Ne2 Qxf6 25. h5 g5 26. Bg4 Rg8 27. Rf1 Qe7 28. f4 f5 29. fxg5 Qxg5 0-1

[Event "Nova Gorica op 22nd"]
[Site "Nova Gorica"]
[Date "2017.01.29"]
[Round "4"]
[White "Pagnutti, Lorenzo"]
[Black "Gratton, Damjan"]
[Result "1-0"]
[WhiteElo "1962"]
[BlackElo "1678"]
[PlyCount "59"]
[EventDate "2017.01.27"]
[EventType "swiss"]
[EventRounds "9"]
[EventCountry "SLO"]
[SourceTitle "CBM 176 Extra"]
[Source "ChessBase"]
[SourceDate "2017.03.02"]
[SourceVersion "1"]
[SourceVersionDate "2017.03.02"]
[SourceQuality "1"]

1. e4 c5 2. c3 e6 3. d4 cxd4 4. cxd4 d6 5. Nf3 Nc6 6. Nc3 Nf6 7. Bd3 Be7 8. 0-0 e5 9. d5 Nb8 10. h3 0-0 11. Be3 Bd7 12. Rc1 a5 13. Nd2 h6 14. Nc4 Na6 15. Bb6 Qe8 16. Bxa5 Nc5 17. Bb4 Nxd3 18. Qxd3 Ra6 19. Rfe1 Nh5 20. Ne2 f5 21. f3 Qg6 22. Nxe5 dxe5 23. Bxe7 Rf7 24. Ba3 fxe4 25. Qxe4 Bf5 26. Qh4 Bd7 27. Kh2 Ra4 28. Rc4 Ra5 29. Qd8+ Kh7 30. Qxa5 1-0

[Event "Nova Gorica op 21st"]
[Site "Nova Gorica"]
[Date "2016.02.01"]
[Round "6"]
[White "Kobal, Sasa"]
[Black "Gratton, Damjan"]
[Result "1/2-1/2"]
[WhiteElo "1801"]
[BlackElo "1699"]
[PlyCount "62"]
[EventDate "2016.01.29"]
[EventType "swiss"]
[EventRounds "9"]
[EventCountry "SLO"]
[SourceTitle "CBM 170 Extra"]
[Source "ChessBase"]
[SourceDate "2016.02.25"]
[SourceVersion "1"]
[SourceVersionDate "2016.02.25"]
[SourceQuality "1"]

1. e4 c5 2. Nf3 e6 3. d4 cxd4 4. Nxd4 a6 5. Be3 Qc7 6. Bd3 Nf6 7. 0-0 Nc6 8. Nc3 Ne5 9. h3 Bc5 10. Kh1 Nxd3 11. cxd3 0-0 12. Rc1 Qd6 13. Nb3 Bxe3 14. fxe3 e5 15. d4 b6 16. Qd3 Bb7 17. Nd2 Qe7 18. Nc4 exd4 19. exd4 b5 20. Nb6 Rad8 21. e5 Nh5 22. Rf5 Qh4 23. Kh2 Nf4 24. Qg3 Qxg3+ 25. Kxg3 Nd3 26. Rc2 d6 27. Rd2 Nb4 28. a3 Nc6 29. exd6 Rxd6 30. Nbd5 Re8 31. Rf1 Kf8 1/2-1/2

[Event "Nova Gorica op-A 20th"]
[Site "Nova Gorica"]
[Date "2015.01.30"]
[Round "1"]
[White "Gratton, Damjan"]
[Black "Gombac, Jan"]
[Result "0-1"]
[WhiteElo "1741"]
[BlackElo "2274"]
[PlyCount "46"]
[EventDate "2015.01.30"]
[EventType "swiss"]
[EventRounds "9"]
[EventCountry "SLO"]
[SourceTitle "CBM 164 Extra"]
[Source "ChessBase"]
[SourceDate "2015.03.02"]
[SourceVersion "1"]
[SourceVersionDate "2015.03.02"]
[SourceQuality "1"]

1. e4 c5 2. c3 Nf6 3. e5 Nd5 4. Nf3 Nc6 5. Bc4 Nb6 6. Bb3 c4 7. Bc2 d6 8. exd6 Qxd6 9. h3 Qe6+ 10. Qe2 Qxe2+ 11. Kxe2 e5 12. Re1 Be6 13. b4 f6 14. a4 a5 15. b5 Nb8 16. d4 cxd3+ 17. Bxd3 N8d7 18. Nbd2 Rc8 19. Bb2 Nd5 20. Kf1 Nxc3 21. Rec1 Bb4 22. Nb1 Nc5 23. Bxc3 Nxd3 0-1

[Event "Nova Gorica op-A 19th"]
[Site "Nova Gorica"]
[Date "2014.02.02"]
[Round "4"]
[White "Gratton, Damjan"]
[Black "Pregarac, Valter"]
[Result "0-1"]
[WhiteElo "1742"]
[BlackElo "2143"]
[PlyCount "86"]
[EventDate "2014.01.31"]
[EventType "swiss"]
[EventRounds "9"]
[EventCountry "SLO"]
[SourceTitle "CBM 158 Extra"]
[Source "ChessBase"]
[SourceDate "2014.02.28"]
[SourceVersion "1"]
[SourceVersionDate "2014.02.28"]
[SourceQuality "1"]

1. e4 c5 2. c3 b6 3. Nf3 Bb7 4. d3 d5 5. e5 e6 6. Be2 Ne7 7. Bg5 Qc7 8. 0-0 h6 9. Bh4 Nf5 10. Na3 Nxh4 11. Qa4+ Nc6 12. Nxh4 Qxe5 13. Rfe1 Bd6 14. Nf3 Qf4 15. d4 0-0 16. Nb5 Bb8 17. g3 Qf6 18. Rad1 a6 19. Na3 b5 20. Qc2 Ba7 21. Qd3 Rac8 22. Rd2 cxd4 23. Nxd4 Nxd4 24. cxd4 e5 25. Bg4 e4 26. Qe3 Rc7 27. Red1 Bc8 28. Be2 Bd7 29. Nc2 Rfc8 30. Qb3 Qd6 31. Ne3 Be6 32. a4 b4 33. a5 f5 34. Rc2 f4 35. gxf4 Rxc2 36. Nxc2 Qxf4 37. Nxb4 Bb8 38. Qg3 Qf8 39. Qb3 Qd6 40. Bxa6 Qxh2+ 41. Kf1 Qh1+ 42. Ke2 Bg4+ 43. Kd2 Bf4+ 0-1

[Event "Nova Gorica op-A 19th"]
[Site "Nova Gorica"]
[Date "2014.02.01"]
[Round "3"]
[White "Markocic, Tine"]
[Black "Gratton, Damjan"]
[Result "0-1"]
[WhiteElo "1921"]
[BlackElo "1742"]
[PlyCount "70"]
[EventDate "2014.01.31"]
[EventType "swiss"]
[EventRounds "9"]
[EventCountry "SLO"]
[SourceTitle "CBM 158 Extra"]
[Source "ChessBase"]
[SourceDate "2014.02.28"]
[SourceVersion "1"]
[SourceVersionDate "2014.02.28"]
[SourceQuality "1"]

1. e4 c5 2. Nf3 e6 3. d4 cxd4 4. Nxd4 a6 5. Bd3 Qc7 6. 0-0 Nf6 7. Nc3 Nc6 8. Nxc6 dxc6 9. Be3 b5 10. Ne2 c5 11. c4 Bd7 12. Qc2 Be7 13. h3 h6 14. Ng3 bxc4 15. Bxc4 Bb5 16. Rac1 Nd7 17. b4 Rc8 18. Bxb5 axb5 19. bxc5 Nxc5 20. Qb2 0-0 21. Bxc5 Bxc5 22. Qxb5 Bxf2+ 23. Rxf2 Qxc1+ 24. Kh2 Rc2 25. Rxc2 Qxc2 26. a3 Ra8 27. Qb7 Qc8 28. Qb2 Qc5 29. a4 Rxa4 30. Qb8+ Qf8 31. Qe5 Rb4 32. Qh5 Qb8 33. Qf3 Rb3 34. Qg4 Qe5 35. Qh4 g5 0-1

[Event "Nova Gorica op-A 18th"]
[Site "Nova Gorica"]
[Date "2013.01.30"]
[Round "8"]
[White "Gratton, Damjan"]
[Black "Krzan, Peter"]
[Result "1-0"]
[WhiteElo "1733"]
[BlackElo "1595"]
[PlyCount "103"]
[EventDate "2013.01.25"]
[EventType "swiss"]
[EventRounds "9"]
[EventCountry "SLO"]
[SourceTitle "CBM 152 Extra"]
[Source "ChessBase"]
[SourceDate "2013.02.25"]
[SourceVersion "1"]
[SourceVersionDate "2013.02.25"]
[SourceQuality "1"]

1. e4 e5 2. Nf3 Nc6 3. Bb5 f5 4. Nc3 Nf6 5. d3 fxe4 6. Nxe4 d6 7. c3 Be7 8. h3 0-0 9. 0-0 Bd7 10. Qb3+ Kh8 11. Neg5 Qe8 12. Ne6 Bxe6 13. Qxe6 Nd8 14. Bxe8 Nxe6 15. Ba4 Nc5 16. Bc2 Nh5 17. b4 Ne6 18. Bd2 Nef4 19. Rfe1 Rae8 20. Kh2 c6 21. Be3 Nd5 22. Bd2 Bh4 23. Nxh4 Rxf2 24. Nf3 Nxc3 25. Kg1 Re2 26. Bb3 Rxe1+ 27. Rxe1 Nd5 28. b5 Nhf4 29. Bc4 cxb5 30. Bxb5 Rc8 31. Bc4 Nb6 32. Bxf4 Nxc4 33. dxc4 exf4 34. Re7 h6 35. Rxb7 Rxc4 36. Rxa7 d5 37. Ra3 g5 38. Rd3 Kg7 39. Rxd5 Ra4 40. Rd2 Kf6 41. Kf2 h5 42. Nh2 Ra3 43. Rb2 Kg6 44. Nf3 g4 45. hxg4 hxg4 46. Ne5+ Kf5 47. Nc4 Rc3 48. Nd6+ Ke5 49. Nb5 Re3 50. a4 g3+ 51. Kf1 Re4 52. Re2 1-0

[Event "Nova Gorica op-A 18th"]
[Site "Nova Gorica"]
[Date "2013.01.27"]
[Round "5"]
[White "Bratkovic, Jakob"]
[Black "Gratton, Damjan"]
[Result "1/2-1/2"]
[WhiteElo "1941"]
[BlackElo "1733"]
[PlyCount "59"]
[EventDate "2013.01.25"]
[EventType "swiss"]
[EventRounds "9"]
[EventCountry "SLO"]
[SourceTitle "CBM 152 Extra"]
[Source "ChessBase"]
[SourceDate "2013.02.25"]
[SourceVersion "1"]
[SourceVersionDate "2013.02.25"]
[SourceQuality "1"]

1. e4 c5 2. Nf3 Nc6 3. d4 cxd4 4. Nxd4 Nf6 5. Nc3 e6 6. Be2 a6 7. 0-0 Be7 8. Be3 0-0 9. f4 b5 10. a3 Bc5 11. Bf2 Qb6 12. Nxc6 Bxf2+ 13. Rxf2 dxc6 14. e5 Rd8 15. Qf1 Nd5 16. Nxd5 Rxd5 17. Bd3 a5 18. Kh1 g6 19. Rf3 Bb7 20. Rg3 b4 21. Bc4 Rd2 22. Bb3 Rad8 23. axb4 Rf2 24. Qg1 Rdd2 25. Rf3 axb4 26. Rxf2 Rxf2 27. Rf1 Rxf1 28. Qxf1 Qd4 29. h3 c5 30. Bc4 1/2-1/2

[Event "Nova Gorica op-A 18th"]
[Site "Nova Gorica"]
[Date "2013.01.26"]
[Round "3"]
[White "Gratton, Damjan"]
[Black "Markocic, Spela"]
[Result "1/2-1/2"]
[WhiteElo "1733"]
[BlackElo "1498"]
[PlyCount "85"]
[EventDate "2013.01.25"]
[EventType "swiss"]
[EventRounds "9"]
[EventCountry "SLO"]
[SourceTitle "CBM 152 Extra"]
[Source "ChessBase"]
[SourceDate "2013.02.25"]
[SourceVersion "1"]
[SourceVersionDate "2013.02.25"]
[SourceQuality "1"]

1. e4 c5 2. c3 d5 3. exd5 Qxd5 4. Nf3 Nf6 5. d4 e6 6. Na3 Nc6 7. Be2 Be7 8. 0-0 0-0 9. Nc2 Qd8 10. Bg5 cxd4 11. Ncxd4 Bd7 12. Qc2 Qc7 13. Nb5 Qa5 14. b4 Qd8 15. Rad1 a6 16. Nbd4 Qc7 17. a3 Rac8 18. c4 b5 19. c5 Ng4 20. Bxe7 Nxe7 21. h3 Nf6 22. Ng5 h6 23. Ne4 Ned5 24. Rfe1 Nxe4 25. Qxe4 Nc3 26. Qd3 Nxd1 27. Bxd1 Rfd8 28. Bc2 g6 29. Qe3 Bc6 30. Ne2 Kh7 31. Ng3 Rd5 32. Ne4 Qe7 33. Qc3 e5 34. Nd6 Rg8 35. Bb3 Rxd6 36. cxd6 Qxd6 37. Rxe5 Rf8 38. Qc5 Qxc5 39. Rxc5 Be4 40. Rc7 Kg7 41. f3 Bf5 42. Ra7 Bc8 43. Bd5 1/2-1/2

[Event "Nova Gorica op-A 16th"]
[Site "Nova Gorica"]
[Date "2011.02.03"]
[Round "9"]
[White "Ivanovic, Andrej"]
[Black "Gratton, Damjan"]
[Result "1-0"]
[WhiteElo "1921"]
[BlackElo "1710"]
[PlyCount "76"]
[EventDate "2011.01.28"]
[EventType "swiss"]
[EventRounds "9"]
[EventCountry "SLO"]
[SourceTitle "CBM 140 Extra"]
[Source "ChessBase"]
[SourceDate "2011.03.01"]
[SourceVersion "1"]
[SourceVersionDate "2011.03.01"]
[SourceQuality "1"]

1. d4 d5 2. c4 c6 3. cxd5 cxd5 4. Nc3 Nf6 5. Bf4 a6 6. Nf3 Bg4 7. Ne5 Nc6 8. Nxg4 Nxg4 9. e3 e5 10. Qxg4 exf4 11. Qxf4 Bd6 12. Qf3 Qb6 13. Qe2 0-0 14. Qd2 Rfe8 15. Be2 Qd8 16. g3 Rc8 17. Kf1 Bb4 18. Rc1 Qd6 19. a3 Ba5 20. Kg2 b5 21. Qd3 Ne7 22. b4 Bb6 23. Na2 Rcd8 24. Rc2 g6 25. Nc1 Rc8 26. Nb3 Rxc2 27. Qxc2 Rc8 28. Nc5 Bd8 29. Rb1 h5 30. a4 Qb6 31. axb5 axb5 32. Qd3 Nf5 33. Qxb5 Qf6 34. Qd7 Rc6 35. Qxd5 Rb6 36. Nd7 Qd6 37. Nxb6 Bxb6 38. Qxd6 Nxd6 1-0

[Event "Nova Gorica op-A 16th"]
[Site "Nova Gorica"]
[Date "2011.01.30"]
[Round "5"]
[White "Matijevic, Filip"]
[Black "Gratton, Damjan"]
[Result "1-0"]
[WhiteElo "1885"]
[BlackElo "1710"]
[PlyCount "31"]
[EventDate "2011.01.28"]
[EventType "swiss"]
[EventRounds "9"]
[EventCountry "SLO"]
[SourceTitle "CBM 140 Extra"]
[Source "ChessBase"]
[SourceDate "2011.03.01"]
[SourceVersion "1"]
[SourceVersionDate "2011.03.01"]
[SourceQuality "1"]

1. e4 c5 2. Nf3 d6 3. d4 cxd4 4. Nxd4 Nf6 5. Nc3 a6 6. f3 g6 7. Be3 Bg7 8. Qd2 0-0 9. 0-0-0 Re8 10. g4 b5 11. h4 Nfd7 12. h5 Ne5 13. hxg6 hxg6 14. Qh2 Bxg4 15. Qh7+ Kf8 16. Bh6 1-0

[Event "Nova Gorica op-A 16th"]
[Site "Nova Gorica"]
[Date "2011.01.29"]
[Round "2"]
[White "Gratton, Damjan"]
[Black "Fantini, Marco"]
[Result "0-1"]
[WhiteElo "1710"]
[BlackElo "1963"]
[PlyCount "58"]
[EventDate "2011.01.28"]
[EventType "swiss"]
[EventRounds "9"]
[EventCountry "SLO"]
[SourceTitle "CBM 140 Extra"]
[Source "ChessBase"]
[SourceDate "2011.03.01"]
[SourceVersion "1"]
[SourceVersionDate "2011.03.01"]
[SourceQuality "1"]

1. e4 e5 2. Nf3 Nf6 3. Nxe5 d6 4. Nf3 Nxe4 5. d4 d5 6. c4 Bb4+ 7. Bd2 Nxd2 8. Nbxd2 0-0 9. a3 Re8+ 10. Be2 Be7 11. 0-0 Nc6 12. cxd5 Qxd5 13. Bc4 Qh5 14. d5 Ne5 15. Nxe5 Qxe5 16. Re1 Qg5 17. Ne4 Qg6 18. Re3 Bf5 19. Rg3 Qh6 20. Nc3 Bd6 21. Qf3 Bxg3 22. hxg3 Qg6 23. Nb5 Re7 24. Qf4 Qg4 25. Qc1 a6 26. d6 cxd6 27. Nxd6 Be6 28. Bf1 Qd4 29. Nc4 Rc7 0-1

[Event "Nova Gorica op-A 16th"]
[Site "Nova Gorica"]
[Date "2011.01.28"]
[Round "1"]
[White "Novak, Ksenija"]
[Black "Gratton, Damjan"]
[Result "1-0"]
[WhiteElo "2127"]
[BlackElo "1710"]
[PlyCount "79"]
[EventDate "2011.01.28"]
[EventType "swiss"]
[EventRounds "9"]
[EventCountry "SLO"]
[SourceTitle "CBM 140 Extra"]
[Source "ChessBase"]
[SourceDate "2011.03.01"]
[SourceVersion "1"]
[SourceVersionDate "2011.03.01"]
[SourceQuality "1"]

1. e4 c5 2. Nc3 d6 3. g3 Nf6 4. Bg2 g6 5. d3 Bg7 6. Nge2 Nc6 7. 0-0 0-0 8. h3 a6 9. f4 Qc7 10. g4 b5 11. g5 Nd7 12. f5 Nce5 13. Nd5 Qd8 14. f6 exf6 15. gxf6 Nxf6 16. Bg5 Ned7 17. e5 dxe5 18. Nxf6+ Nxf6 19. Bxa8 Bxh3 20. Bg2 Bxg2 21. Kxg2 Qd5+ 22. Kg1 Ng4 23. c4 Qd6 24. Ng3 f5 25. cxb5 h6 26. Qb3+ Kh7 27. Bd2 axb5 28. Rad1 e4 29. dxe4 c4 30. Qf3 Qd4+ 31. Kh1 Qxb2 32. exf5 h5 33. fxg6+ Kh8 34. Qe2 Qa3 35. Rxf8+ Bxf8 36. Bf4 Qa8+ 37. Kg1 Bc5+ 38. Kf1 b4 39. Qe4 Qf8 40. Nxh5 1-0

[Event "Nova Gorica op-B 14th"]
[Site "Nova Gorica"]
[Date "2009.02.07"]
[Round "9"]
[White "Savoia, Serge"]
[Black "Gratton, Damjan"]
[Result "1-0"]
[WhiteElo "1905"]
[BlackElo "1731"]
[PlyCount "39"]
[EventDate "2009.01.31"]
[EventType "swiss"]
[EventRounds "9"]
[EventCountry "SLO"]
[SourceTitle "EXT 2011"]
[Source "ChessBase"]
[SourceDate "2010.11.26"]
[SourceVersion "1"]
[SourceVersionDate "2010.11.26"]
[SourceQuality "1"]

1. e4 c5 2. d4 cxd4 3. c3 d6 4. cxd4 Nf6 5. Nc3 Nc6 6. h3 e6 7. f4 Be7 8. Nge2 0-0 9. g4 a6 10. Bg2 Qc7 11. 0-0 b5 12. e5 Nd7 13. d5 exd5 14. Nxd5 Qa7+ 15. Be3 Nc5 16. Nxe7+ Qxe7 17. Qxd6 Qxd6 18. exd6 Re8 19. Bxc5 Rxe2 20. Bxc6 1-0